| 000 | 00428nam a2200157Ia 4500 | ||
|---|---|---|---|
| 008 | 210210b1976 xxu||||| |||| 00| 0 eng d | ||
| 020 | _a0 201 03154 X | ||
| 082 | _a543 ZOLE | ||
| 100 | _aZOLLER (William H) & others. | ||
| 245 | _aExperiments in the chemical environment. | ||
| 260 |
_aLondon _bAddison-Wesley _c1976 |
||
| 300 | _a99 | ||
| 650 | _aExperiments chemical | ||
| 690 | _aAnalytical Chemistry | ||
| 906 | _aCC00209 | ||
| 999 |
_c109264 _d109264 |
||